000 00427cam a2200181ua 4500
001 19448
008 130712n II |||gr||||Z||||||hin
040 _aMAIN
041 _aEnglish
082 _a891.43 SAS
100 _aSASTRI, MADHUR.
245 _aDESH KE POHSHAN : SAHITYA ABONG KALA
250 _a1ST.
260 _aDELHI:
_bAPURAM PRAKASHAN.,
_c2010.
300 _a168:
_c20CM.
653 _aHindi Books
942 _cBK
999 _c19310
_d19310